00568nam a22001577a 450000500170000001000150001702000310003203500140006303700130007708200150009010000210010524500890012626000440021527000770025930000740033620210406171022.0 aENG-129375 a978-93-5388-352-2c1295.00 aEN-112907 bDBAD/PUB a341.230954 aMurthy, C. S. R. aIndia in the United Nations: interplay of interests and principles/cC. S. R. Murthy aNew DelhibSage Publication Indiac2020 aB1/1-1 Mohan Cooperative Industrial Area Mathura RoadbNew Delhie110044 axvi+299p.c22cm(hbk)bIncluding index and bibliographical references.